000 00775nam a2200265 a 4500
008
020 _a0340662417 (pbk. )
049 0 _aMAIN
090 _aQH438.4 SHA
100 1 _aSham, Pak.
245 1 0 _aStatistics in human genetics /
_cPak Sham.
260 _aLondon :
_bArnold.,
_c1998.
300 _aviii, 290 p. :
_bill. ;
_c24 cm.
440 0 _aArnold applications of statistics series.
500 _aIncludes index.
504 _aIncludes bibliographical references.
650 2 _aGenetics.
650 2 _aStatistics
_xmethods.
650 0 _aHuman genetics
_xStatistical methods.
907 _a.b10223319
_b13-02-07
_c04-01-07
003
005 20230123134314.0
040 _cNUST
942 _cBOOKS
_kQH438.4 SHA
999 _c163601
_d163601